[Event "FRA-chT Top 12 2019"]
[Site "Brest"]
[Date "2019.05.20"]
[Round "3.1"]
[White "Amin, Bassem"]
[Black "Santos Ruiz, Miguel"]
[Result "1-0"]
[WhiteElo "2704"]
[BlackElo "2549"]
[Annotator "TA"]
[PlyCount "77"]
[EventDate "2019.05.18"]
[EventType "team-tourn"]
[EventCountry "FRA"]
[SourceTitle "playchess.com"]
[Source "ChessBase"]
[SourceQuality "1"]

{[%evp 9,77,25,25,30,28,12,13,17,18,15,20,10,28,0,6,0,0,0,0,-7,0,0,39,0,0,-6,0,-13,-12,-4,-4,-26,-22,-19,0,0,0,0,0,0,0,0,6,0,9,9,13,13,7,7,9,6,9,7,18,0,6,9,11,0,0,0,0,0,0,0,0,0,0,0]} 1. e4 e5 2. Nf3 Nc6 3. Bc4 Bc5 4. c3 Nf6 5. d3 a5 6. O-O {C54: Giuoco Piano: 4 c3 Nf6, main lines with 5 d4 and 5 d3} d6 7. Re1 O-O 8. Nbd2 (8. h3 h6 9. Nbd2 Be6 10. Bb5 Qb8 11. Bxc6 bxc6 12. d4 exd4 13. cxd4 Bb4 14. a3 Bxd2 15. Nxd2 {½-½ (43) Giri,A (2797)-Ding,L (2809) Shenzhen 2019}) 8... Be6 9. a4 Qe7 10. Qb3 $146 ({Predecessor:} 10. Bb5 Rad8 11. Bxc6 bxc6 12. Nf1 Bb6 13. Ng3 Ne8 14. d4 f6 15. Qe2 g6 {1-0 (38) Nordquelle,D (2264)-Lillevold,F (2076) Fagernes 2019}) 10... Rab8 11. h3 Nd7 12. Nf1 Bxc4 13. Qxc4 Qe6 14. Qb5 Nb6 15. N1d2 Qg6 16. Qb3 (16. Nh4 $5 {[%cal Rh4g6]} Qf6 17. Ndf3 $11) 16... Kh8 17. Qc2 f5 18. exf5 Qxf5 ({Wrong is} 18... Rxf5 $2 {[#]} 19. d4 $1 $18 {[%mdl 512]}) 19. Ne4 Nd7 20. Be3 Bxe3 21. fxe3 {The position is equal.} Nf6 22. Nxf6 Rxf6 23. Rf1 Rbf8 24. Rf2 Qg6 {[#] Threatens to win with ...Rxf3.} 25. Raf1 Qg3 26. Qe2 Ne7 (26... g5 {with more complications.} 27. Nd2 Qxf2+ 28. Rxf2 Rxf2 29. Qxf2 Rxf2 30. Kxf2 Kg7) 27. Nd2 {And now Ne4 would win.} Rxf2 28. Rxf2 Qxf2+ 29. Qxf2 Rxf2 30. Kxf2 $11 {[%mdl 4096] Endgame KN-KN} Kg8 31. Nc4 Nc6 32. Na3 Na7 33. e4 Kf7 34. d4 exd4 35. cxd4 Nc6 36. Ke3 Ke7 37. Nc4 {With the idea d5.} b6 38. d5 Nb4 39. Kd4 {[%mdl 32768] Accuracy: White = 54%, Black = 52%. . Sensor Board Error (Ke4/e5)?} 1-0

[Event "FRA-chT Top 12 2019"]
[Site "Brest"]
[Date "2019.05.20"]
[Round "3.1"]
[White "Bacrot, Etienne"]
[Black "Villegas, Pierre"]
[Result "1/2-1/2"]
[WhiteElo "2678"]
[BlackElo "2354"]
[Annotator "TA"]
[PlyCount "35"]
[EventDate "2019.05.18"]
[EventType "team-tourn"]
[EventCountry "FRA"]
[SourceTitle "playchess.com"]
[Source "ChessBase"]
[SourceQuality "1"]

{[%evp 15,35,21,24,17,52,41,48,23,53,17,29,4,29,26,20,0,0,-61,-17,-28,-14,-20]} 1. e4 c6 2. d4 d5 3. Nd2 dxe4 4. Nxe4 Nf6 5. Nxf6+ exf6 6. c3 Bd6 7. Bd3 O-O 8. Ne2 Re8 9. Qc2 {B15: Caro-Kann: 3 Nc3: 3...g6 and 3...dxe4 4 Nxe4 Nf6 5 Nxf6+ exf6} h5 10. O-O h4 11. Bf4 {White is slightly better.} Na6 {[%cal Bb8a6,Ba6c7,Bc7e6,Be6c5][%mdl 32]} 12. Rfe1 $146 ({Predecessor:} 12. h3 Nc7 13. Bxd6 Qxd6 14. Rfe1 Ne6 15. Rad1 Bd7 16. Qd2 {½-½ (49) Handke,F (2536)-Grandelius,N (2655) Porto Carras 2018}) 12... Nc7 13. Qd2 Ne6 14. Bxd6 Qxd6 15. Bc2 Bd7 16. f4 (16. h3 $11) 16... Nc5 17. Nc1 h3 18. Nb3 {Accuracy: White = 41%, Black = 50%.} 1/2-1/2

[Event "FRA-chT Top 12 2019"]
[Site "Brest"]
[Date "2019.05.20"]
[Round "3.1"]
[White "Malakhov, Vladimir"]
[Black "Wagner, Dennis"]
[Result "1/2-1/2"]
[WhiteElo "2660"]
[BlackElo "2578"]
[Annotator "TA"]
[PlyCount "51"]
[EventDate "2019.05.18"]
[EventType "team-tourn"]
[EventCountry "FRA"]
[SourceTitle "playchess.com"]
[Source "ChessBase"]
[SourceQuality "1"]

{[%evp 12,51,12,13,13,14,7,7,22,0,0,0,0,0,0,0,0,-12,0,0,0,0,0,0,0,0,0,0,0,0,0,0,0,0,2,0,0,0,0,0,0,0]} 1. e4 e5 2. Nf3 Nc6 3. Bb5 a6 4. Ba4 Nf6 5. d3 b5 6. Bb3 Bc5 7. Nc3 {The position is equal.} d6 {C77: Ruy Lopez: 3...a6 4 Ba4 Nf6, unusual lines} 8. Nd5 h6 9. c3 Be6 (9... Rb8 10. O-O O-O 11. d4 Ba7 12. Be3 Bg4 13. dxe5 Nxd5 14. Qxd5 Bxe3 15. fxe3 {0-1 (48) Salem,A (2660)-Mamedyarov,S (2817) St Petersburg 2018}) 10. a4 $146 {Hoping for axb5.} ({Predecessor:} 10. O-O Bxd5 11. exd5 Ne7 12. d4 exd4 13. Nxd4 Qd7 14. a4 {½-½ (24) Oparin,G (2504)-Kuljasevic,D (2577) Trieste 2013}) 10... Bxd5 11. exd5 Ne7 12. d4 exd4 13. Nxd4 O-O 14. O-O Qd7 15. Qd3 Rfe8 (15... Rab8 {is interesting.} 16. Nc6 Nxc6 17. dxc6 Qxc6 18. axb5 Qxb5 19. Bc4 Qe8) 16. axb5 Bxd4 17. Qxd4 axb5 18. Rxa8 $1 Rxa8 19. Qd3 Ra1 20. h3 Ng6 21. Rd1 Ne5 22. Qe2 Qf5 23. Bc2 Qd7 24. Bb3 Qf5 25. Bc2 Qd7 26. Bb3 {Accuracy: White = 79%, Black = 91%.} 1/2-1/2

[Event "FRA-chT Top 12 2019"]
[Site "Brest"]
[Date "2019.05.20"]
[Round "3.1"]
[White "Tabatabaei, M.amin"]
[Black "Harikrishna, Pentala"]
[Result "1/2-1/2"]
[WhiteElo "2610"]
[BlackElo "2730"]
[Annotator "TA"]
[PlyCount "97"]
[EventDate "2019.05.18"]
[EventType "team-tourn"]
[EventCountry "FRA"]
[SourceTitle "playchess.com"]
[Source "ChessBase"]
[SourceQuality "1"]

{[%evp 12,97,11,7,16,17,12,18,14,20,20,18,23,22,17,16,15,17,20,11,12,0,0,0,0,0,41,38,37,36,41,31,35,27,34,35,44,14,12,16,28,14,39,54,131,118,127,118,99,116,110,95,134,155,145,100,108,0,0,0,0,0,0,0,667,0,0,0,0,0,0,0,0,0,0,0,8,8,8,8,8,8,14,0,14,0,14,0]} 1. d4 Nf6 2. c4 e6 3. Nf3 d5 4. Nc3 Bb4 5. cxd5 exd5 6. Bg5 h6 7. Bh4 O-O {D38: Queen's Gambit Declined: Ragozin Defence (4 Nf3 Bb4)} 8. e3 Bf5 9. Qb3 Bxc3+ 10. Qxc3 Nbd7 11. Be2 c6 12. Nd2 Ne4 13. Bxd8 Nxc3 14. bxc3 Rfxd8 {[#]} 15. a4 $146 ({Predecessor:} 15. f3) 15... Rac8 16. Nf1 Nf6 17. Ng3 Bg6 18. h4 Ne4 19. Nxe4 Bxe4 20. f3 Bh7 21. h5 c5 22. Kd2 cxd4 23. exd4 Rd6 {White should prevent ...Rb6.} 24. Bd3 Bxd3 25. Kxd3 $11 {[%mdl 4096] Endgame KRR-KRR} Re6 26. Rab1 b6 27. Rb5 Rce8 ({Black should try} 27... Rd8 $14) 28. Rxd5 $16 Re3+ {[#]} 29. Kc4 $1 Rc8+ {[#]} 30. Kb5 $1 Rexc3 31. Rd7 Rc2 32. g4 (32. Rxa7 $6 Rb2+ 33. Ka6 Rc4 $11) 32... R2c3 33. Rf1 ({Much weaker is} 33. Rxa7 $6 Rb3+ 34. Ka6 Rc4 $11) 33... Kf8 34. d5 ({Of course not} 34. Rxa7 $6 Rb3+ 35. Ka6 Rc4 $14) (34. Re1 $16) 34... R3c7 $11 35. Rxc7 Rxc7 {KR-KR} 36. d6 Rc5+ 37. Ka6 $1 {[%cal Ra6a7]} Ra5+ $1 38. Kb7 {And now Rc1 would win.} Ke8 $1 {The position is equal.} 39. Re1+ Kd7 40. Re7+ {[%mdl 64] Double Attack} Kxd6 41. Rxf7 b5 42. axb5 Rxb5+ 43. Kxa7 Rg5 44. Kb6 Ke6 45. Rc7 Kf6 46. Rc6+ Kf7 47. Rc7+ Kf6 48. Rc6+ Kf7 49. Rc7+ {Accuracy: White = 71%, Black = 60%.} 1/2-1/2

[Event "FRA-chT Top 12 2019"]
[Site "Brest"]
[Date "2019.05.20"]
[Round "3.1"]
[White "Donchenko, Alexander"]
[Black "Fedorov, Alexei"]
[Result "1-0"]
[WhiteElo "2595"]
[BlackElo "2566"]
[Annotator "TA"]
[PlyCount "123"]
[EventDate "2019.05.18"]
[EventType "team-tourn"]
[EventCountry "FRA"]
[SourceTitle "playchess.com"]
[Source "ChessBase"]
[SourceQuality "1"]

{[%evp 17,123,71,80,71,117,110,116,116,127,87,90,93,123,70,116,14,125,68,123,113,132,107,118,104,107,42,62,76,89,74,60,62,114,122,138,109,89,67,102,86,151,139,163,125,134,133,140,134,143,143,143,154,170,167,172,164,214,141,211,208,213,202,189,182,207,180,180,170,261,173,193,184,198,190,164,170,258,258,405,388,334,137,79,87,82,83,91,64,64,64,64,64,64,64,64,64,341,340,328,270,271,137,29977,29978,29978,29979,29981,29982]} 1. d4 Nf6 2. c4 g6 3. Nc3 Bg7 4. e4 d6 5. f3 O-O 6. Be3 e5 7. d5 Nh5 8. Qd2 Nd7 {[%cal Bb8d7,Bd7c5,Bc5d3][%mdl 32]} 9. g4 Nf4 10. O-O-O {E87: King's Indian: Sämisch: 6...e5 7 d5} (10. Nge2 f5 11. gxf5 gxf5 12. O-O-O fxe4 13. Nxe4 Bh6 14. Nxf4 exf4 15. Rg1+ Kh8 16. Bd4+ Ne5 17. Re1 Bf5 18. Qc3 Bxe4 19. Bxe5+ dxe5 20. Qxe5+ {1-0 (57) Ivanisevic,I (2611)-Paunovic,D (2553) Vrnjacka Banja 2010}) 10... Nc5 11. Nge2 $146 ({Predecessor:} 11. h4 f5 12. h5 fxg4 13. hxg6 hxg6 14. fxg4 Bxg4 15. Be2 Qd7 16. Kb1 b5 17. cxb5 a6 18. Bxc5 dxc5 19. Bxg4 Qxg4 20. bxa6 Rxa6 {0-1 (32) Jirasek,J (1925)-Svarc,R (2073) Kadan 2014}) 11... Ncd3+ 12. Kb1 {White is better.} a6 13. Ng3 (13. Bxf4 Nxf4 14. Nxf4 exf4 $14) 13... Nc5 14. h4 b5 15. h5 (15. cxb5 $16 axb5 16. b4 (16. Nxb5 Bd7 $14)) 15... Bd7 16. Ka1 (16. b4 $16 Na4 17. c5) 16... Qb8 (16... b4 $11 {remains equal.} 17. Nce2 b3) 17. g5 ({Better is} 17. b4 $16 Na4 18. c5) 17... bxc4 (17... b4 $14 18. Nce2 Ba4) 18. Qh2 $16 (18. Bxc4 $6 Qb4 $11) 18... h6 19. gxh6 (19. Bxc4 $6 Qb4 $14) 19... Bf6 20. hxg6 fxg6 21. Nge2 (21. Bxc5 $16 dxc5 22. Nge2 (22. Bxc4 Qb4 $14)) 21... Kh7 22. Nxf4 exf4 23. Bd4 (23. Bxf4 $2 Bxc3 24. bxc3 Qb5 $19) 23... Bxd4 24. Rxd4 Qe8 (24... Bb5 $14) 25. Rxc4 Qe5 26. Qd2 $36 {[%mdl 2048] White is in control.} a5 27. Bh3 Be8 28. Bg4 Rb8 (28... a4 $142) 29. Nd1 $1 Bb5 30. Rc1 a4 31. Qc3 Qxc3 32. Rxc3 ({Don't take} 32. Nxc3 $6 Bd3 $14) 32... Rbe8 33. Nf2 Re7 34. Kb1 Re5 35. Kc2 Re7 36. Kd2 Ree8 37. Rcc1 Rb8 (37... Re5 $16) 38. Nh3 $18 Ba6 39. Ng5+ Kh8 40. Rc2 Rb4 41. h7 Rd4+ 42. Kc1 Rc4 (42... Rb4 $142 43. Rhh2 Bb5) 43. Be6 Nd3+ 44. Kb1 Ne5 45. Rxc4 Bxc4 46. Rc1 $1 Rb8 (46... Bd3+ {was called for.} 47. Ka1 Be2) 47. Rc3 $1 Rb4 (47... Be2 {might work better.} 48. Kc2 (48. Rxc7 Bxf3 49. Rc6 Rd8 $11) 48... Rb7) 48. Bg8 Be2 {intending ...Rc4.} 49. b3 (49. Rxc7 $18 {and the rest is easy. And now Re7 would win.} Rc4 50. Rxc4 Bxc4 51. b4) 49... axb3 ({Black should try} 49... Rb7) 50. axb3 $16 Rb7 51. Kb2 Bd1 52. Kc1 Bxb3 ({Wrong is} 52... Rxb3 $2 53. Rxc7 Be2 54. Rc8 $18) 53. Ne6 Ba4 54. Nxf4 {Black must now prevent Ne6.} Rb3 $1 {[%cal Rb3c3]} 55. Rxb3 Bxb3 $14 {[%mdl 4096] Endgame KBN-KBN} 56. Kd2 $1 {[%cal Rd2e2] Ke2 is the strong threat.} Ba4 $2 {[%mdl 8192] [#]} (56... g5 $14 57. Ne6 Nxf3+ 58. Ke3 Ne5) 57. Ke3 $1 $18 c6 58. dxc6 Bxc6 {[#]} 59. Nh3 ({White must play} 59. Ne6 $1 $18) 59... Nd7 $2 {[%mdl 8192]} (59... Be8 $16 60. Ng5 Nd7) 60. Ng5 {White mates.} Ne5 61. Kd4 Bb7 62. Kc3 {Accuracy: White = 64%, Black = 38%.} 1-0

[Event "FRA-chT Top 12 2019"]
[Site "Brest"]
[Date "2019.05.20"]
[Round "3.1"]
[White "Chabanon, Jean-Luc"]
[Black "Gledura, Benjamin"]
[Result "1/2-1/2"]
[WhiteElo "2437"]
[BlackElo "2645"]
[Annotator "TA"]
[PlyCount "79"]
[EventDate "2019.05.18"]
[EventType "team-tourn"]
[EventCountry "FRA"]
[SourceTitle "playchess.com"]
[Source "ChessBase"]
[SourceQuality "1"]

{[%evp 17,79,7,18,0,11,14,10,18,22,11,31,0,0,0,0,0,0,0,0,0,0,0,9,11,25,31,26,15,6,7,8,3,17,0,80,60,111,104,109,102,107,109,103,106,119,28,45,15,12,11,16,16,32,35,59,59,59,59,59,66,62,6,6,6]} 1. d4 Nf6 2. c4 g6 3. Nc3 d5 4. cxd5 Nxd5 5. e4 Nxc3 6. bxc3 Bg7 7. Qa4+ Nd7 8. Nf3 O-O 9. Be2 c5 (9... Nb6 $5 {[%cal Rb6a4]} 10. Qa5 Be6 $11) 10. O-O {D85: Exchange Grünfeld: Unusual White 7th moves and lines with 7 Nf3} Nb6 11. Qa3 cxd4 12. cxd4 Bg4 13. Bg5 Bxf3 14. gxf3 Qxd4 15. Rad1 Qe5 16. Qxe7 Qxe7 17. Bxe7 Rfc8 {[#]} 18. Rd2 $146 Bh6 19. Rb2 Rc7 20. Bd6 $36 {[%mdl 2048] White has the initiative.} Rc6 21. Bg3 Rd8 22. f4 Bf8 23. Kg2 Ba3 24. Rb3 Be7 25. Rb2 f5 (25... Ba3 $11 26. Rb3 Be7) 26. Bf3 Rc7 (26... fxe4 $14 27. Bxe4 Rf6) 27. exf5 $16 gxf5 28. Rb5 Rf8 29. Re1 Kg7 30. Ree5 Kg6 {[#]} 31. a4 (31. h4 $1 $16) 31... Nxa4 32. Rxb7 (32. Ra5 {is more complex.} Nc3 33. Rxa7 Rb8 34. h4 Bc5 35. h5+) 32... Rxb7 33. Bxb7 Bf6 34. Ra5 Nb6 35. Bc6 Rc8 36. Bb5 Rd8 37. Rxa7 Nd5 38. Bc4 Rd6 39. Bxd5 (39. h4 $14) 39... Rxd5 $11 40. Ra6 {Accuracy: White = 52%, Black = 55%.} 1/2-1/2

[Event "FRA-chT Top 12 2019"]
[Site "Brest"]
[Date "2019.05.20"]
[Round "3.2"]
[White "Eljanov, Pavel"]
[Black "Safarli, Eltaj"]
[Result "1/2-1/2"]
[WhiteElo "2661"]
[BlackElo "2624"]
[Annotator "TA"]
[PlyCount "140"]
[EventDate "2019.05.18"]
[EventType "team-tourn"]
[EventCountry "FRA"]
[SourceTitle "playchess.com"]
[Source "ChessBase"]
[SourceQuality "1"]

{[%evp 9,140,0,11,1,16,18,27,22,22,20,24,18,28,33,28,15,37,31,20,28,19,14,33,8,31,31,37,49,46,40,32,9,41,41,41,41,41,41,41,41,41,41,41,41,55,55,67,49,55,55,55,55,55,55,67,67,70,55,67,50,78,62,78,78,66,0,78,21,27,22,22,22,27,22,22,22,22,16,16,16,16,16,78,78,78,78,78,78,78,78,78,63,89,89,89,89,89,89,89,89,89,89,89,89,89,89,89,89,89,89,89,89,89,89,89,89,89,89,89,89,89,89,89,89,89,89,89,89,89,89,89,89,89]} 1. d4 Nf6 2. c4 g6 3. g3 c6 4. Bg2 d5 5. Qa4 (5. cxd5 cxd5 6. Nf3 Bg7 7. Ne5 O-O 8. Nc3 Bf5 9. O-O Ne4 10. Bf4 Nxc3 11. bxc3 Nc6 12. Nxc6 bxc6 13. Qa4 e6 14. Qxc6 Rc8 15. Qa4 Rxc3 16. Rfc1 Rxc1+ 17. Rxc1 Qb6 18. e3 {½-½ (39) Ding,L (2812)-Carlsen,M (2845) Shamkir 2019}) 5... Bg7 6. cxd5 {D71: Fianchetto Grünfeld: 3 g3 d5 sidelines and 5 cxd5 (without Nf3)} O-O 7. dxc6 Nxc6 8. Nf3 {White has an edge.} Nd5 9. Nc3 Nb6 10. Qd1 Nxd4 $146 ({Predecessor:} 10... Bg4 11. O-O Bxf3 12. Bxf3 Qxd4 13. Qxd4 Bxd4 14. Bxc6 bxc6 {½-½ (20) Edouard,R (2646)-Jones,G (2677) Batumi 2018}) 11. Nxd4 Qxd4 12. O-O Be6 13. Qxd4 Bxd4 14. Nb5 {[%cal Bc3b5,Bb5a7,Ba7c6][%mdl 32]} Be5 15. Bxb7 Rab8 16. Bf3 Nc4 17. Nxa7 {aiming for Nc6.} Bxb2 18. Bxb2 Rxb2 19. Nc6 Nd2 20. Rfe1 Nxf3+ 21. exf3 Bxa2 22. Nxe7+ Kg7 23. Kg2 Rd8 24. Rad1 Rdd2 25. Rxd2 Rxd2 $14 {[%mdl 4096] Endgame KRB-KRN} 26. Nc6 Bd5 27. Nb4 h5 28. Re5 Be6 29. h4 Rd4 30. Nc2 Rd2 31. Ne3 Rd4 32. Re4 Rd3 33. Rf4 Bd5 34. Kh3 f5 35. Kg2 Kh6 36. Nc2 Rc3 37. Ne3 Rd3 38. Ra4 (38. Nxd5 $16 Rxd5 39. Ra4) 38... Bb7 $11 39. Rb4 Bc6 $1 40. Rc4 Bb7 41. Rc7 Rb3 42. Rd7 Ba8 $1 43. Rd6 {Threatens to win with Nxf5+.} Kh7 44. Rd4 Bb7 45. Rf4 Rc3 (45... Rb2 $11 {keeps the balance.}) 46. Rb4 $16 Bc6 47. Rc4 Rxc4 48. Nxc4 {KB-KN} Kg7 49. Ne5 Bd5 50. Kf1 Kf6 51. f4 {White is better.} Bb3 52. Ke2 Bd5 53. Kd3 Bb3 54. Kd4 Ba4 55. Kd5 Bb3+ 56. Kd6 Ba4 57. Nd7+ Kf7 58. Nc5 Bb5 59. Ke5 Ke7 60. Ne6 Ba4 61. Nd4 Kf7 62. Kd6 Kf6 63. Ne2 Bd1 64. Nc3 Bb3 65. Kd7 {[#] And now Ke8 would win.} Kf7 66. Kd8 Bc2 67. Nb5 Ba4 68. Nd6+ Kf6 69. Nc4 Bb5 70. Ne5 Ba4 {Accuracy: White = 72%, Black = 61%.} 1/2-1/2

[Event "FRA-chT Top 12 2019"]
[Site "Brest"]
[Date "2019.05.20"]
[Round "3.2"]
[White "Heimann, Andreas"]
[Black "Cossin, Sebastien"]
[Result "1-0"]
[WhiteElo "2627"]
[BlackElo "2494"]
[Annotator "TA"]
[PlyCount "57"]
[EventDate "2019.05.18"]
[EventType "team-tourn"]
[EventCountry "FRA"]
[SourceTitle "playchess.com"]
[Source "ChessBase"]
[SourceQuality "1"]

{[%evp 24,57,110,112,98,55,82,38,46,41,66,56,60,53,58,58,52,49,60,59,57,54,52,48,89,79,49,50,214,195,185,196,649,635,625,625]} 1. d4 Nf6 2. c4 e6 3. Nf3 c5 4. d5 exd5 5. cxd5 d6 6. Nc3 g6 7. h3 Bg7 8. e4 O-O 9. Bd3 a6 10. a4 Re8 11. Be3 Nbd7 12. O-O c4 13. Bc2 (13. Bxc4 $6 Nxe4 14. Nxe4 Rxe4 $11) 13... Qc7 {A70: Modern Benoni: 6 e4 g6 7 Nf3} 14. Bd4 b6 15. Re1 Rb8 {White is slightly better.} 16. Qd2 Bb7 17. Rac1 $146 ({Predecessor:} 17. Be3 Nc5 18. Bh6 Rbd8 19. Bxg7 Kxg7 20. Nd4 Qd7 21. Nf5+ Kg8 22. Qd4 Nh5 23. Nh6+ Kf8 24. Qh8+ Ke7 25. Qxh7 Rf8 26. Nf5+ Ke8 27. e5 gxf5 28. exd6+ {1-0 (28) Arlandi,E (2465)-Klings,P (2223) Montecatini Terme 1999}) 17... Ba8 18. b3 cxb3 $1 19. Bxb3 {Threatens to win with Nb5.} Nc5 20. Ba2 Nfd7 $1 21. Bxg7 Kxg7 22. Nd4 Kg8 23. Re3 Nf6 24. Rce1 $1 Rbc8 25. Nc6 $36 {[%mdl 2048] White fights for an advantage.} Nfd7 $2 {[#]} ({Black should play} 25... Bxc6 $14 26. dxc6 Qxc6 {[%mdl 64] Double Attack}) 26. e5 $1 $18 {[%cal Re5d6][%mdl 512]} dxe5 27. d6 $1 {[%cal Rd6c7]} Nb3 $2 {[#]} (27... Qxc6 28. Bd5 Ne4 $1 {[%mdl 512]} 29. Bxc6 Nxd2 30. Bxd7 Nc4) 28. Ne7+ $1 ({Less strong is} 28. dxc7 Nxd2 29. Nd8 Rf8 $16) ({Not} 28. Bxb3 Qxc6 29. Rf3 Rf8 $16) 28... Rxe7 29. Bxb3 {Accuracy: White = 65%, Black = 46%.} (29. dxc7 $2 {is the wrong capture.} Nxd2 30. Rd1 Nf6 $19) 1-0

[Event "FRA-chT Top 12 2019"]
[Site "Brest"]
[Date "2019.05.20"]
[Round "3.2"]
[White "Gozzoli, Yannick"]
[Black "Karthikeyan, Murali"]
[Result "1/2-1/2"]
[WhiteElo "2622"]
[BlackElo "2596"]
[Annotator "TA"]
[PlyCount "51"]
[EventDate "2019.05.18"]
[EventType "team-tourn"]
[EventCountry "FRA"]
[SourceTitle "playchess.com"]
[Source "ChessBase"]
[SourceQuality "1"]

{[%evp 20,51,36,0,0,0,0,0,0,0,0,0,0,0,0,0,0,0,0,0,0,0,0,0,0,0,0,0,0,0,0,0,0,0]} 1. d4 Nf6 2. c4 g6 3. Nc3 Bg7 4. e4 d6 ({Predecessor:} 4... O-O 5. Be3 d6 6. f3 c6 7. Bd3 a6 8. Nge2 b5 9. Qd2 Nbd7 {0-1 (56) Gross,L (2326)-Wagner,A (2414) Germany 2005}) 5. Bd3 O-O 6. Nge2 a6 7. O-O c6 8. f3 b5 9. Be3 Nbd7 10. Qd2 e5 11. d5 bxc4 {The position is equal. E81: King's Indian: Sämisch: 6th move deviations (including 6 Be3 c6)} 12. Bxc4 Nb6 13. b3 $146 (13. Bb3 cxd5 14. Nxd5 Nfxd5 15. exd5 a5 16. Nc3 a4 17. Qf2 axb3 18. Bxb6 Qd7 19. axb3 {½-½ (46) Abasov,N (2510)-Mamedov,N (2610) Baku 2010}) 13... cxd5 14. Bxd5 Nbxd5 15. Nxd5 Nxd5 16. Qxd5 Be6 17. Qd2 d5 18. exd5 Qxd5 19. Qxd5 Bxd5 20. Rfd1 e4 21. Bd4 {[#] Threatens to win with Bxg7.} exf3 22. Bxg7 fxe2 23. Rxd5 Kxg7 24. Re1 Rfd8 25. Rxd8 Rxd8 26. Rxe2 1/2-1/2

[Event "FRA-chT Top 12 2019"]
[Site "Brest"]
[Date "2019.05.20"]
[Round "3.2"]
[White "Oleksiyenko, Mykhaylo"]
[Black "Hamdouchi, Hicham"]
[Result "1-0"]
[WhiteElo "2595"]
[BlackElo "2584"]
[Annotator "TA"]
[PlyCount "73"]
[EventDate "2019.05.18"]
[EventType "team-tourn"]
[EventCountry "FRA"]
[SourceTitle "playchess.com"]
[Source "ChessBase"]
[SourceQuality "1"]

{[%evp 19,77,19,28,35,18,23,41,12,11,28,24,31,29,25,76,69,84,91,117,106,100,89,122,115,98,64,82,54,140,143,266,218,417,406,514,506,458,242,289,289,350,315,302,302,441,456,579,549,543,531,616,632,622,597,759,785,781,763,727,618]} 1. e4 c5 2. Nf3 d6 3. d4 cxd4 4. Nxd4 Nf6 5. Nc3 Nc6 6. f3 e5 7. Nb3 Be7 8. Be3 Be6 9. Nd5 Bxd5 10. exd5 Nb4 11. c4 $1 {B56: Classical Sicilian: Unusual Lines} a5 12. Qd2 (12. Be2 Na6 13. Nd2 O-O 14. Nb1 Nd7 15. Qd2 f5 16. Nc3 Bh4+ 17. g3 f4 18. Bf2 Bg5 {½-½ (47) Caruana,F (2807)-Vachier Lagrave,M (2819) Saint Louis 2016}) 12... b6 13. a3 {White is slightly better.} Na6 14. Bd3 Nc5 15. Nxc5 $146 ({Predecessor:} 15. Bc2 O-O 16. O-O Nxb3 17. Bxb3 Nd7 18. Ba4 Nc5 {½-½ (43) Shevchenko,K (2247)-Andreev,E (2458) Prague 2015}) 15... bxc5 16. O-O-O h5 (16... O-O $11 {remains equal.}) 17. Kb1 $36 {[%mdl 2048] White fights for an advantage.} Rb8 18. Bc2 Qd7 19. Ka2 O-O 20. Rb1 a4 21. Rhg1 Qa7 22. Qd3 g6 23. g4 {[#] Strongly threatening gxh5.} h4 ({Black should play} 23... e4 $14 24. Qf1 (24. fxe4 Nxg4 25. Bf4 Qa6 $11) 24... hxg4) 24. g5 $16 Nd7 (24... Nh5 $16) 25. Rg4 $18 h3 $2 (25... Rfe8 {keeps fighting.} 26. Rxh4 Bf8) 26. Rh4 Kg7 27. Rh6 {[%cal Rh6g6] [#] White wants to mate with Rxg6+!} Rg8 28. Rg1 (28. f4 $142) 28... Kf8 29. Rxh3 Nb6 30. Bd2 Qa6 31. Rg4 Qb7 (31... Rb7 $142 32. Re4 Nd7) 32. Bc3 {White is clearly winning.} Qd7 33. Rh7 Rg7 34. Rh6 Rg8 35. h4 Ke8 36. Rh7 Bf8 37. Qe2 {Played: Rg4-e4} 1-0

[Event "FRA-chT Top 12 2019"]
[Site "Brest"]
[Date "2019.05.20"]
[Round "3.2"]
[White "Cornette, Deimante"]
[Black "Rodshtein, Maxim"]
[Result "1/2-1/2"]
[WhiteElo "2433"]
[BlackElo "2699"]
[Annotator "TA"]
[PlyCount "53"]
[EventDate "2019.05.18"]
[EventType "team-tourn"]
[EventCountry "FRA"]
[SourceTitle "playchess.com"]
[Source "ChessBase"]
[SourceQuality "1"]

{[%evp 11,53,10,10,0,15,4,22,11,11,11,11,11,11,11,25,21,33,21,16,27,12,0,39,39,36,39,50,50,50,50,56,0,0,0,57,0,0,0,46,0,0,0,57,0]} 1. e4 c6 2. d4 d5 3. e5 Bf5 4. h4 h5 5. Bd3 Bxd3 6. Qxd3 e6 7. Bg5 {B12: Caro-Kann: Advance Variation} Be7 8. Nf3 Nh6 9. c4 {The position is equal.} Nf5 10. Nc3 dxc4 11. Qxc4 Nd7 12. Rd1 Nb6 13. Qb3 {[#]} O-O $146 ({Predecessor:} 13... Rb8 14. Bxe7 Qxe7 {½-½ (35) Cheparinov,I (2703)-Solak,D (2624) Kocaeli 2017}) 14. g3 Nd5 15. Bxe7 Qxe7 16. O-O Rfd8 17. Ne4 Qb4 18. Qc2 Nb6 {[%cal Rf5d4]} 19. a3 Qc4 20. Qd2 Qb3 21. Qe2 (21. Kg2 $1 $14) 21... Qb5 22. Qc2 Qa4 ({Better is} 22... Qc4 $1 $11 23. Qd2 Qb3) 23. Qc3 Qc4 $1 24. Qd2 Qb3 $1 {[%cal Rb3f3]} 25. Qe2 Qb5 26. Qc2 Qa4 (26... Qc4 $11 27. Qd2) 27. Qc3 {Accuracy: White = 59%, Black = 69%.} (27. Qb1 $14) 1/2-1/2

[Event "FRA-chT Top 12 2019"]
[Site "Brest"]
[Date "2019.05.20"]
[Round "3.2"]
[White "Payen, Arnaud"]
[Black "Balashov, Yuri S"]
[Result "0-1"]
[WhiteElo "2358"]
[BlackElo "2471"]
[Annotator "TA"]
[PlyCount "34"]
[EventDate "2019.05.18"]
[EventType "team-tourn"]
[EventCountry "FRA"]
[SourceTitle "playchess.com"]
[Source "ChessBase"]
[SourceQuality "1"]

{[%evp 15,76,0,0,-7,19,0,14,19,10,0,0,5,7,0,0,-21,-15,-32,-20,-59,-21,-23,-13,-141,-115,-186,-161,-145,-47,-70,-66,-63,0,-54,30,-22,-6,-190,-176,-174,-177,-193,-168,-152,-158,-172,-162,-241,-215,-232,-235,-238,-233,-317,-315,-304,-243,-558,-551,-548,-526,-526,-518]} 1. Nf3 c5 2. c4 g6 3. g3 Bg7 4. Bg2 Nc6 5. Nc3 Nh6 6. b3 Nf5 7. Bb2 O-O 8. O-O e6 9. d3 {A37: Symmetrical English vs ...g6: 4 Bg2 Bg7 5 Nf3} Re8 $146 ({Predecessor:} 9... b6 10. Qd2 {½-½ (10) Paunovic,D (2503)-Strikovic,A (2573) Valjevo 2011}) 10. Qc1 d6 11. e3 {The position is equal.} a6 12. Rd1 Rb8 13. Ne2 e5 $1 14. a3 Bd7 15. Bc3 b5 16. cxb5 Rxb5 17. Nd2 {[#]} Nfe7 {Played: Nf5-d4} 0-1